Awang oh Awang!

Bibliographic Details
Other Authors: Disusun oleh Hassan Mahaseng
Format: Book
Published: Kuala Lumpur : Penerbitan Fargoes , 2006
Series:Siri jenakaria
Subjects:

MARC

LEADER 00000cam a2200000 7i4500
001 0000000919
005 20151222.0
008 070703
020 |a 9833452906 
090 0 0 |a JF   |b JOK MAL (1106) 
245 0 0 |a Awang oh Awang!   |c Disusun oleh Hassan Mahaseng 
260 |a Kuala Lumpur :   |b Penerbitan Fargoes ,   |c 2006 
440 0 |a Siri jenakaria 
500 |a Children ages 7-9 years old (orange) 
650 0 |a Malay fiction 
700 0 |a Disusun oleh Hassan Mahaseng 
999 |a 0000958366   |b Book   |c Children Collection   |e Perbadanan Perpustakaan Awam Johor 
999 |a 0000958367   |b Book   |c Children Collection   |e Perbadanan Perpustakaan Awam Johor 
999 |a 0000958368   |b Book   |c Children Collection   |e Cawangan Urban Transformation Centre 
999 |a 0001131400   |b Book   |c Children Collection   |e Cawangan Bandar Penawar 
999 |a 0001131402   |b Book   |c Children Collection   |e Cawangan Segamat 
999 |a 0001166633   |b Book   |c Children Collection   |e Cawangan Taman Universiti 
999 |a 0001166634   |b Book   |c Children Collection   |e Cawangan Kota Tinggi 
999 |a 0001166636   |b Book   |c Children Collection   |e Cawangan Bukit Gambir 
999 |a 0001166637   |b Book   |c Children Collection   |e Cawangan Bandar Penawar 
999 |a 0001166639   |b Book   |c Children Collection   |e Cawangan Tangkak 
999 |a 0001166643   |b Book   |c Children Collection   |e Cawangan Segamat 
999 |a 0001166644   |b Book   |c Children Collection   |e Cawangan Pontian 
999 |a 0001166646   |b Book   |c Children Collection   |e Cawangan Tmn. Ungku Tun Aminah